[Event "1/16 Finale"]
[Site "www.chess-mail.com"]
[Date "2019.12.13"]
[Round "1"]
[White "Stepanpech"]
[Black "Asoka"]
[WhiteElo "2590"]
[BlackElo "2750"]
[Result "1/2-1/2"]
[Round "1"]
1.d4 Ng8f6
2.c4 e6
3.Nb1c3 Bf8b4
4.e3 O-O
5.Bf1d3 c5
6.Ng1f3 Bb4xc3
7.bxc3 d6
8.O-O Nb8c6
9.e4 e5
10.d5 Nc6e7
11.Nf3h4 h6
12.f4 Ne7g6
13.Nh4xg6 fxg6
14.fxe5 dxe5
15.Qd1b3 b6
16.a4 a5
17.Bc1d2 g5
18.Ra1b1 Ra8b8
19.Bd2e1 Nf6h5
20.Rf1xf8 Qd8xf8
21.Qb3d1 Nh5f4
22.Bd3f1 Bc8d7
23.Be1f2 Qf8d6
24.Qd1b3 Nf4h5
25.Bf2e3 Nh5f6
26.Bf1d3 Kf8
27.Be3f2 Nf6h5
28.Bd3e2 Nh5f4
29.Be2f1 Ke7
30.g3 Nf4h5
31.Bf1g2 Nh5f6
32.Bf2e3 Kf7
33.h3 Kg8
34.Kh2 g4
35.h4 Qd6c7
36.Rb1b2 Nf6e8
37.Bg2f1 Ne8d6
38.Bf1d3 h5
39.Be3g5 Bd7e8
40.Qb3c2 Rb8b7
41.Rb2b1 Be8g6
42.Rb1f1 Qc7b8
43.Qc2e2 Qb8e8
44.Bd3c2 Rb7f7
45.Rf1xf7 Nd6xf7
46.Bg5e3 Nf7d6
47.Be3g5 Kf8
48.Kg1 Qe8d7
49.Qe2e1 Ke8
50.Qe1b1 Qd7c7
51.Bc2d3 Kd7
52.Qb1c1 Kc8
53.Qc1f1 Nd6f7
54.Qf1f2 Nf7xg5
55.hxg5 Qc7e7
56.Qf2e3 Bg6e8
57.Bd3c2 Qe7f8
58.Kg2 Be8d7
59.Bc2d1 Kc7
60.Qe3d2 Kd8
61.Qd2b2 Qf8d6
62.Qb2f2 Ke7
63.Bd1c2 Ke8
64.Qf2e3 Kf7
65.Kf2 Kg6
66.Ke2 Qd6e7
67.Qe3c1 Qe7xg5
68.Qc1xg5 Kxg5
69.Kf2 Kf6
70.Kg1 Bd7e8
71.Kf2 Kg5
72.Kf1 Kf6
73.Kf2 Kg5
74.Kf1 Kf6
75.Kf2 Ke7
76.Kg2 Kd6

1/2-1/2

[Event "Tourn. n10244"]
[Site "www.echecsemail.com"]
[Date "2019.12.14"]
[Round "1"]
[White "Pariolinius"]
[Black "Libiesse"]
[WhiteElo "1940"]
[BlackElo "1990"]
[Result "1/2-1/2"]
[Round "1"]
1.e4 c5
2.Ng1f3 e6
3.d4 cxd4
4.Nf3xd4 a6
5.Nb1c3 Qd8c7
6.Bf1d3 Nb8c6
7.Nd4b3 Ng8f6
8.O-O b5
9.a3 Bc8b7
10.Bc1e3 b4
11.axb4 Nc6xb4
12.Bd3e2 Nf6xe4
13.Nc3xe4 Bb7xe4
14.Be2d3 Nb4xd3
15.cxd3 Be4g6
16.Ra1c1 Qc7e5
17.Qd1f3 d5
18.Be3d4 Qe5b8
19.Qf3d1 Bf8d6
20.Bd4xg7 Rh8g8
21.Bg7c3 Bd6xh2
22.Kh1 Bh2f4
23.Rc1b1 Bg6xd3
24.Qd1xd3 Qb8xb3
25.Qd3xh7 O-O-O
26.Qh7xf7 Rg8h8
27.Kg1 Bf4h2
28.Kh1 Bh2d6
29.Kg1 Bd6h2
{ draw }
1/2-1/2

[Event "Tourn. n10251"]
[Site "www.echecsemail.com"]
[Date "2019.12.14"]
[Round "1"]
[White "Tarasch"]
[Black "Jalenakravit"]
[WhiteElo "2210"]
[BlackElo "2669"]
[Result "1-0"]
[Round "1"]
1.d4 Ng8f6
2.c4 c6
3.Nb1c3 d5
4.e3 e6
5.Ng1f3 Nb8d7
6.Bf1d3 dxc4
7.Bd3xc4 b5
8.Bc4d3 Bc8b7
9.O-O a6
10.e4 c5
11.d5 Qd8c7
12.dxe6  { time }
1-0

[Event "Tourn. n10261"]
[Site "www.echecsemail.com"]
[Date "2019.12.14"]
[Round "1"]
[White "Apdash"]
[Black "Chessutopia"]
[WhiteElo "2280"]
[BlackElo "2329"]
[Result "0-1"]
[Round "1"]
1.e4 e5
2.Ng1f3 d6
3.d4 Ng8f6
4.dxe5 Nf6xe4
5.exd6 Bf8xd6
6.Bf1d3 Ne4c5
7.O-O O-O
8.Bc1g5 Qd8d7
9.Bd3c4 b5
10.Bc4b3 h6
11.Bg5h4 a5
12.c3 Nc5xb3
13.Qd1xb3 Bc8b7
14.Nb1d2 a4
15.Qb3c2 f5
16.Ra1d1 g5
17.Bh4g3 f4
18.Qc2g6 Qd7g7
19.Qg6e6 Kh8
20.Nf3d4 Nb8d7
21.Nd4f5 Qg7f6
22.Qe6xd7 Qf6xf5
23.Qd7xf5 Rf8xf5
24.Nd2f3 fxg3
25.fxg3 Bd6c5
26.Kh1 Ra8f8
27.Rd1d7 Rf5xf3
28.gxf3 Rf8xf3
{ resign }
0-1

[Event "Tourn. n10248"]
[Site "www.echecsemail.com"]
[Date "2019.12.14"]
[Round "1"]
[White "Fantomas"]
[Black "Cathar"]
[WhiteElo "2100"]
[BlackElo "2020"]
[Result "1-0"]
[Round "1"]
1.e4 c5
2.Ng1f3 d6
3.Bf1c4 Ng8f6
4.Nb1c3 Nb8c6
5.d4 cxd4
6.Nf3xd4 Qd8b6
7.Nd4xc6 bxc6
8.Bc4b3 e6
9.O-O Bf8e7
10.Bc1e3 Qb6c7
11.Qd1d2 O-O
12.h3 Bc8a6
13.Rf1e1 d5
14.Be3f4 Qc7b7
15.e5 Nf6d7
16.a3 Nd7c5
17.Qd2d1 Ra8b8
18.Qd1d2 Nc5xb3
19.cxb3 Qb7xb3
20.Ra1b1 c5
21.Re1c1 Ba6b7
22.Nc3d1 d4
23.f3 Qb3d5
24.Nd1f2 f5
25.exf6 gxf6
26.Bf4xb8 Rf8xb8
27.Rc1d1 e5
28.b3 f5
29.Rd1e1 Be7f6
30.Qd2d3 { resign }
1-0

[Event "Tourn. n10248"]
[Site "www.echecsemail.com"]
[Date "2019.12.14"]
[Round "1"]
[White "Cathar"]
[Black "Apdash"]
[WhiteElo "2020"]
[BlackElo "2190"]
[Result "0-1"]
[Round "1"]
1.e4 c5
2.Ng1f3 Nb8c6
3.d4 cxd4
4.Nf3xd4 d6
5.c4 Ng8f6
6.Nb1c3 Nc6xd4
7.Qd1xd4 Bc8d7
8.Bf1e2 Bd7c6
9.f3 Qd8c7
10.Bc1e3 e6
11.O-O Bf8e7
12.Ra1c1 O-O
13.Nc3d5 exd5
14.cxd5 Rf8c8
15.dxc6 bxc6
16.Be2a6 c5
17.Ba6xc8 Ra8xc8
18.Qd4d2 Qc7b7
19.b3 Qb7b5
20.Rf1d1 a5
21.Qd2d3 Qb5b6
22.Rc1b1 Qb6b4
23.Be3d2 Qb4b6
24.Kh1 Nf6d7
25.Bd2c3 Qb6a7
26.Qd3e2 a4
27.bxa4 Qa7xa4
28.Rb1b7 Be7g5
29.Rd1d5 Bg5e7
30.Qe2b5 Qa4xb5
{ resign }
0-1

[Event "Match"]
[Site "www.echecsemail.com"]
[Date "2019.12.14"]
[Round "1"]
[White "Bjonil60"]
[Black "Apdash"]
[WhiteElo "1400"]
[BlackElo "2230"]
[Result "0-1"]
[Round "1"]
1.Nb1a3 e5
2.d3 d5
3.f3 Bf8xa3
4.bxa3 Ng8f6
5.c3 O-O
6.d4 Rf8e8
7.dxe5 Re8xe5
8.e3 Nf6h5
9.g4 Qd8h4
10.Ke2 Nh5g3
11.Kd2 Ng3xh1
12.f4 Qh4xh2
13.Bf1e2 Nh1f2
14.Qd1c2 Re5xe3
15.Kxe3 Qh2xg1
16.Bc1b2 Nf2xg4
17.Kd2 Qg1e3
18.Ke1 Qe3f2
19.Kd1 Ng4e3
20.Kc1 Ne3xc2
21.Kxc2 Qf2xe2
22.Kb3 Nb8c6
23.f5 a5
24.Ka4 Qe2c4

0-1

[Event "Match"]
[Site "www.echecsemail.com"]
[Date "2019.12.14"]
[Round "1"]
[White "Chapi"]
[Black "Apdash"]
[WhiteElo "2110"]
[BlackElo "2320"]
[Result "1/2-1/2"]
[Round "1"]
1.d4 Ng8f6
2.c4 e6
3.Nb1c3 c6
4.Bc1g5 Bf8e7
5.Ng1f3 d5
6.cxd5 cxd5
7.e3 O-O
8.Bf1d3 Nb8d7
9.O-O a6
10.Ra1c1 b5
11.e4 Nf6xe4
12.Nc3xe4 dxe4
13.Bg5xe7 Qd8xe7
14.Bd3xe4 Ra8b8
15.Rc1c7 Qe7d6
16.Qd1c2 Nd7f6
17.Nf3g5 Nf6xe4
18.Qc2xe4 f5
19.Qe4e5 Qd6xe5
20.dxe5 h6
21.Ng5f3 Bc8b7
22.Nf3d4 Bb7d5
23.b3 Rf8f7
24.Rf1c1 Rb8b7
25.Rc7xf7 Kxf7
26.f4 g5
27.g3 b4
28.Nd4c6 Ke8
29.Rc1c2 Kd7
30.Nc6d4 gxf4
31.gxf4 Rb7b8
32.Rc2c5 Bd5e4
33.Rc5a5 Rb8b6
34.Kf2 Ke7
35.Nd4e2 Be4d3
36.Ke3 Bd3xe2
37.Kxe2 Kf7
38.Kd3 Kg6
39.Kc4 Kh5
40.Ra5a4 Kg4
41.Ra4xb4 Rb6xb4
42.Kxb4 Kxf4
43.Ka5 Ke4
44.Kxa6 f4
45.b4 f3
46.b5 f2
47.b6 f1Q
{ draw }
1/2-1/2

[Event "Tourn. n10255"]
[Site "www.echecsemail.com"]
[Date "2019.12.14"]
[Round "1"]
[White "Jesmantiz"]
[Black "Add"]
[WhiteElo "2150"]
[BlackElo "2130"]
[Result "0-1"]
[Round "1"]
1.d4 d5
2.e3 Ng8f6
3.Bf1d3 Bc8g4
4.f3 Bg4h5
5.Nb1d2 e6
6.Ng1e2 Nb8c6
7.f4 h6
8.O-O a6
9.c3 Nf6g4
10.Nd2f3 f5
11.Qd1c2 Ng4f6
12.Nf3e5 Nc6xe5
13.fxe5 Nf6e4
14.Ne2f4 Bh5f7
15.c4 c6
16.c5 Bf8e7
17.Bd3e2 O-O
18.Rf1f3 g5
19.Nf4d3 Qd8e8
20.Rf3h3 Kg7
21.Qc2d1 g4
22.Rh3g3 Ne4xg3
23.hxg3 Be7g5
24.Qd1b3 Qe8e7
25.Bc1d2 h5
26.Ra1f1 h4
27.gxh4 Bg5xh4
28.a4 Rf8h8
29.Qb3b4 Bh4g3
30.Be2d1 Qe7h4
31.Rf1f4 Qh4h1
{ resign }
0-1

[Event "Match"]
[Site "www.echecsemail.com"]
[Date "2019.12.15"]
[Round "1"]
[White "Apdash"]
[Black "Double2dutch"]
[WhiteElo "2300"]
[BlackElo "2380"]
[Result "1-0"]
[Round "1"]
1.e4 c5
2.Ng1f3 e6
3.d4 cxd4
4.Nf3xd4 a6
5.Nb1c3 Qd8c7
6.Bf1d3 Ng8f6
7.O-O d6
8.Kh1 Nb8d7
9.f4 b5
10.Qd1e2 Bf8e7
11.Bc1e3 Bc8b7
12.Ra1d1 O-O
13.Be3g1 Rf8e8
14.h3 Ra8c8
15.a3 Be7f8
16.Qe2f2 g6
17.Qf2h4 Bf8g7
18.Bd3xb5 Qc7d8
19.Bb5xd7 Qd8xd7
20.e5 Nf6d5
21.Nc3e4 dxe5
22.fxe5 Bg7xe5
23.Ne4g5 Nd5f6
24.Rf1xf6 Be5xf6
25.Qh4xh7 { resign }
1-0

[Event "Match"]
[Site "www.echecsemail.com"]
[Date "2019.12.15"]
[Round "1"]
[White "Apdash"]
[Black "Geodad5"]
[WhiteElo "2280"]
[BlackElo "2050"]
[Result "1-0"]
[Round "1"]
1.e4 c5
2.Ng1f3 d6
3.Bf1c4 Nb8c6
4.d4 cxd4
5.Nf3xd4 Bc8d7
6.Nb1c3 g6
7.O-O Bf8g7
8.Bc1e3 Ng8f6
9.f3 O-O
10.Qd1d2 Ra8c8
11.Nd4xc6 bxc6
12.Ra1d1 Qd8c7
13.f4 Bd7g4
14.Rd1e1 Rc8b8
15.Bc4b3 Rb8b7
16.h3 Bg4d7
17.f5 c5
18.fxg6 hxg6
19.Be3h6 Bd7c6
20.Qd2g5 Nf6h7
21.Qg5xg6 { resign }
1-0

[Event "Tourn. n10241"]
[Site "www.echecsemail.com"]
[Date "2019.12.15"]
[Round "1"]
[White "Gvladutz"]
[Black "Galiany17"]
[WhiteElo "2470"]
[BlackElo "2610"]
[Result "1-0"]
[Round "1"]
1.e4 e5
2.Ng1f3 Ng8f6
3.Nb1c3 Nb8c6
4.Bf1b5 Bf8b4
5.O-O O-O
6.d3 d6
7.Bc1g5 Bb4xc3
8.bxc3 Qd8e7
9.Rf1e1 a6
10.Bb5xc6 bxc6
11.Ra1b1 h6
12.Bg5h4 c5
13.Qd1c1 Bc8d7
14.d4 Bd7g4
15.dxe5 dxe5
16.Nf3d2 Ra8b8
17.Rb1b3 Bg4e6
18.c4 g5
19.Bh4g3 Nf6d7
20.f3 Rf8d8
21.Rb3a3 Rb8b6
22.Ra3d3 f6
23.Bg3f2 Rd8b8
24.Re1d1 Rb6d6
25.Qc1a3 Rb8b6
26.Qa3c3 Qe7g7
27.Nd2f1 f5
28.Nf1e3 Rd6xd3
29.Qc3xd3 Rb6d6
30.Ne3d5 f4
31.Rd1b1 Qg7f8
32.Qd3c3 Be6xd5
33.cxd5 Rd6b6
34.Rb1b3 Kg7
35.Qc3c4 Qf8d6
36.Bf2e1 h5
37.Be1a5 Rb6xb3
38.cxb3 Kf6
39.Kf1 g4
40.b4 Nd7b6
41.Qc4xc5 Ke7
42.Ba5xb6 cxb6
43.Qc5xd6 Kxd6
44.fxg4 hxg4
45.h4 { resign }
1-0

[Event "Tourn. n10249"]
[Site "www.echecsemail.com"]
[Date "2019.12.15"]
[Round "1"]
[White "Cal"]
[Black "Aders1"]
[WhiteElo "1770"]
[BlackElo "1799"]
[Result "0-1"]
[Round "1"]
1.c4 Ng8f6
2.Nb1c3 g6
3.e4 d6
4.h3 Bf8g7
5.Ng1f3 O-O
6.d3 Nb8c6
7.Bc1g5 h6
8.Bg5xf6 Bg7xf6
9.Bf1e2 e5
10.Nc3d5 Bf6g7
11.O-O Nc6e7
12.a3 c6
13.Nd5xe7 Qd8xe7
14.b4 f5
15.Ra1b1 a5
16.b5 Bc8d7
17.b6 f4
18.d4 exd4
19.Be2d3 c5
20.Nf3h2 Bg7e5
21.Qd1f3 Kh7
22.Nh2g4 h5
23.Ng4xe5 dxe5
24.Bd3c2 Rf8f6
25.a4 Ra8a6
26.Bc2d1 Rf6xb6
27.Rb1xb6 Ra6xb6
28.Bd1b3 Rb6b4
29.Kh2 Bd7xa4
30.Bb3xa4 Rb4xa4
31.Rf1c1 Qe7e6
32.g4 fxg3
33.Qf3xg3 Ra4b4
34.f4 a4
35.Qg3g5 Rb4b2
36.Kg3 Rb2b3
37.Kf2 exf4
38.Qg5xf4 Kg7
39.e5 Qe6f7
40.Qf4xf7 Kxf7
41.Ke2 Ke6
42.Rc1a1 a3
43.Kd2 Kxe5
44.h4 Kf4
45.Ra1g1 Rb3g3
46.Rg1b1 a2
47.Rb1f1 Kg4
48.Kc2 Rg3g2
49.Kd3 Kxh4
50.Rf1f4 Kg3
51.Rf4f6 a1Q
52.Rf6xg6 Kh3
53.Rg6h6 h4
54.Ke4 Qa1e1
55.Kd5 Rg2g5
56.Kd6 Qe1e5
57.Kd7 Rg5g7
58.Kd8 Qe5b8

0-1

[Event "Tourn. n10266"]
[Site "www.echecsemail.com"]
[Date "2019.12.15"]
[Round "1"]
[White "Aders1"]
[Black "Apdash"]
[WhiteElo "2109"]
[BlackElo "2280"]
[Result "1-0"]
[Round "1"]
1.Ng1f3 Ng8f6
2.g3 b6
3.Bf1g2 Bc8b7
4.O-O Nb8c6
5.d3 g6
6.e4 Bf8g7
7.Nb1d2 d6
8.a4 a5
9.Nd2c4 O-O
10.c3 e6
11.h3 d5
12.exd5 exd5
13.Nc4e5 Nc6xe5
14.Nf3xe5 c5
15.Qd1b3 Rf8e8
16.Rf1e1 Ra8b8
17.Bc1f4 Nf6h5
18.Ne5xg6 hxg6
19.Bf4xb8 Qd8xb8
20.Re1xe8 Qb8xe8
21.Qb3xb6 Qe8a8
22.Kh2 Bg7e5
23.Ra1e1 f6
24.d4 cxd4
25.cxd4 Be5b8
26.Re1e7 Bb8xg3
27.fxg3 Bb7a6
28.Qb6e6 { resign }
1-0

[Event "Match"]
[Site "www.echecsemail.com"]
[Date "2019.12.15"]
[Round "1"]
[White "Apdash"]
[Black "Johndyson"]
[WhiteElo "2210"]
[BlackElo "2579"]
[Result "0-1"]
[Round "1"]
1.e4 c6
2.d4 d5
3.exd5 cxd5
4.Ng1f3 g6
5.c4 Ng8f6
6.Nb1c3 Bf8g7
7.cxd5 O-O
8.Bf1c4 Nb8a6
9.Bc4xa6 bxa6
10.O-O Nf6xd5
11.Bc1g5 Rf8e8
12.Rf1e1 Bc8b7
13.Qd1b3 Ra8b8
14.Qb3a3 Bg7f8
15.Qa3c5 h6
16.Bg5h4 Nd5f4
17.Ra1d1 Bb7xf3
18.gxf3 Rb8xb2
19.Qc5xa7 Qd8c8
20.Re1e3 Qc8h3
{ resign }
0-1

[Event "Tourn. n10264"]
[Site "www.echecsemail.com"]
[Date "2019.12.16"]
[Round "1"]
[White "Amaya"]
[Black "Argento"]
[WhiteElo "2030"]
[BlackElo "2290"]
[Result "0-1"]
[Round "1"]
1.d4 Ng8f6
2.e3 d5
3.Bf1d3 c5
4.c3 Nb8c6
5.Nb1d2 e5
6.f3 cxd4
7.cxd4 exd4
8.f4 dxe3
9.Nd2f3 Bf8b4
10.Ke2 d4
11.a3 Bb4a5
12.b4 Nf6d5
13.Bd3b5 Nd5c3
{ resign }
0-1

[Event "Match"]
[Site "www.echecsemail.com"]
[Date "2019.12.16"]
[Round "1"]
[White "Jalenakravit"]
[Black "Szustan"]
[WhiteElo "2669"]
[BlackElo "2610"]
[Result "0-1"]
[Round "1"]
1.d3 e5
2.g3 d5
3.Bf1g2 Ng8f6
4.c4 dxc4
5.Qd1a4 Bc8d7
6.Qa4xc4 Nb8c6
7.Ng1f3 Bf8e7
8.Nb1d2 O-O
9.O-O Bd7e6
10.Qc4c2 Nc6d4
11.Nf3xd4 exd4
12.Bg2xb7 Ra8b8
13.Bb7f3 c5
14.Nd2c4 Nf6d5
15.Bc1d2 Rf8e8
16.b3 Qd8d7
17.Qc2b2 Rb8c8
18.Qb2a3 h6
19.Ra1c1 Nd5b4
20.Rf1e1 Be7g5
21.h4 Bg5xd2
22.Nc4xd2 Qd7c7
23.Qa3b2 Nb4d5
24.Nd2c4 Qc7d7
25.Qb2d2 Re8d8
26.Qd2a5 Qd7e7
27.Nc4b2 Rc8c7
28.Bf3e4 Nd5f6
29.Rc1c2 Rd8c8
30.Re1c1 Nf6xe4
31.dxe4 Be6d7
32.f3 f5
 { time }
0-1

[Event "Tourn. n10242"]
[Site "www.echecsemail.com"]
[Date "2019.12.16"]
[Round "1"]
[White "Gambittiger"]
[Black "Yakke"]
[WhiteElo "1499"]
[BlackElo "1690"]
[Result "1-0"]
[Round "1"]
1.e4 e5
2.Ng1f3 Qd8f6
3.Nb1c3 a6
4.d4 Nb8c6
5.Nc3d5 Qf6d6
6.dxe5 Nc6xe5
7.Bc1f4 Ng8f6
8.Bf4xe5 Qd6e6
9.Nd5xc7 Kd8
10.Nc7xe6 fxe6
11.Qd1d4 Bf8e7
12.Be5xf6 Be7xf6
13.e5 Bf6e7
14.Qd4b6 Ke8
15.Bf1c4 Be7d8
16.Qb6d4 b6
17.O-O-O Bc8b7
18.Qd4xd7 Kf8
19.Qd7xe6 Bb7xf3
20.Qe6f7 
1-0

[Event "Tourn. n10251"]
[Site "www.echecsemail.com"]
[Date "2019.12.16"]
[Round "1"]
[White "Jalenakravit"]
[Black "Galiany17"]
[WhiteElo "2669"]
[BlackElo "2630"]
[Result "0-1"]
[Round "1"]
1.d3 d5
2.g3 e5
3.Bf1g2 Ng8f6
4.c4 dxc4
5.Qd1a4 c6
6.Qa4xc4 Bc8e6
7.Qc4c2 Bf8d6
8.Ng1f3 h6
9.O-O O-O
 { time }
0-1

[Event "Tourn. n10181"]
[Site "www.echecsemail.com"]
[Date "2019.12.16"]
[Round "1"]
[White "Ditto"]
[Black "Passaroa25"]
[WhiteElo "1870"]
[BlackElo "1780"]
[Result "1/2-1/2"]
[Round "1"]
1.e4 Nb8c6
2.Ng1f3 e6
3.Bf1c4 Ng8e7
4.d4 Ne7g6
5.Bc1g5 f6
6.Bg5c1 Bf8e7
7.O-O O-O
8.Bc1e3 Rf8e8
9.c3 Kf8
10.Rf1e1 d6
11.Qd1b3 b6
12.Bc4xe6 Bc8xe6
13.Qb3c2 Nc6a5
14.Nb1d2 Be6f7
15.b4 Na5c4
16.Nd2xc4 Bf7xc4
17.Nf3d2 Bc4f7
18.Qc2d1 Kg8
19.Nd2f3 Ng6f8
20.Be3c1 Nf8d7
21.Bc1b2 a6
22.Nf3h4 b5
23.Qd1f3 Bf7c4
24.Nh4f5 g6
25.Nf5h6 Kg7
26.Bb2c1 Bc4e6
27.d5 Be6f7
28.Nh6g4 Kh8
29.Bc1b2 h5
30.Ng4e3 Nd7e5
31.Qf3d1 Kg7
32.Ra1c1 Ne5g4
33.Ne3f1 Ng4e5
34.Rc1b1 Ne5c4
35.Bb2c1 Nc4e5
36.Qd1d2 Ne5c4
37.Qd2h6 Kg8
38.Qh6f4 Nc4e5
39.Nf1e3 Be7f8
40.Qf4g3 Bf8g7
41.Ne3f1 Ne5g4
42.Bc1b2 Qd8d7
43.Qg3f3 Ng4e5
44.Qf3e3 Ne5c4
45.Qe3e2 Nc4e5
46.Bb2c1 Ne5c4
47.Qe2f3 Nc4e5
48.Qf3e2 Ne5c4
49.Qe2f3 Nc4e5
50.Qf3d1 Ne5c4
51.Nf1g3 { draw }
1/2-1/2

[Event "Match"]
[Site "www.echecsemail.com"]
[Date "2019.12.16"]
[Round "1"]
[White "Paco"]
[Black "Apdash"]
[WhiteElo "1850"]
[BlackElo "2200"]
[Result "0-1"]
[Round "1"]
1.e4 c5
2.Bf1c4 e6
3.Ng1f3 a6
4.d3 b5
5.Bc4b3 Bc8b7
6.c3 d5
7.e5 Nb8c6
8.d4 cxd4
9.Nf3xd4 Nc6xe5
10.Qd1e2 Bf8d6
11.O-O Ng8f6
12.f4 Ne5c4
13.f5 e5
14.Bc1g5 O-O
15.Nd4f3 Qd8b6
16.Kh1 Nf6e4
17.Bg5h4 f6
18.Nb1d2 Ne4xd2
19.Nf3xd2 Rf8e8
20.Nd2f3 a5
21.a4 Kh8
22.Bh4f2 Bd6c5
23.axb5 Bc5xf2
24.Rf1xf2 Nc4d6
25.c4 dxc4
26.Bb3a4 Nd6xf5
27.Nf3d2 Ra8c8
28.Rf2xf5 c3
29.bxc3 Rc8xc3
30.Nd2c4 Qb6e6
31.b6 Qe6xf5
32.Ba4xe8 Qf5c8
33.Be8b5 Qc8c5
34.Ra1d1 h6
35.Nc4xa5 Qc5xb6
36.Na5xb7 Qb6xb7
37.Bb5d3 Qb7f7
38.h3 f5
39.Qe2xe5 Rc3c8
40.Bd3xf5 Rc8e8
41.Qe5b5 Re8f8
42.g4 Qf7f6
43.Rd1e1 Qf6c3
44.Qb5d3 Qc3xe1
45.Kg2 Rf8e8
46.Qd3f1 Re8e2
{ resign }
0-1

[Event "Match"]
[Site "www.echecsemail.com"]
[Date "2019.12.16"]
[Round "1"]
[White "Szustan"]
[Black "Apdash"]
[WhiteElo "2640"]
[BlackElo "2280"]
[Result "1-0"]
[Round "1"]
1.e4 c5
2.c3 d6
3.d4 cxd4
4.cxd4 Nb8d7
5.Ng1f3 g6
6.Bf1e2 Bf8g7
7.Nb1c3 a6
8.O-O b5
9.Rf1e1 Ng8f6
10.e5 dxe5
11.dxe5 Nf6g4
12.e6 fxe6
13.Nf3g5 Ng4xf2
14.Kxf2 O-O
15.Be2f3 Rf8xf3
16.Qd1xf3 Nd7b6
17.Bc1e3 Ra8b8
18.Qf3f7 Kh8
19.Ra1d1 Qd8f8
20.Qf7xf8 Bg7xf8
21.Rd1d8 { resign }
1-0

[Event "Match"]
[Site "www.echecsemail.com"]
[Date "2019.12.16"]
[Round "1"]
[White "Joseph1983"]
[Black "Fegatux"]
[WhiteElo "2200"]
[BlackElo "2230"]
[Result "0-1"]
[Round "1"]
1.c4 Ng8f6
2.Nb1c3 g6
3.d4 Bf8g7
4.e4 d6
5.f4 O-O
6.Ng1f3 c5
7.d5 Rf8e8
8.Bf1e2 e6
9.O-O exd5
10.exd5 Bc8g4
11.h3 Bg4d7
12.Qd1e1 Nb8a6
13.Qe1f2 Na6c7
14.Be2d3 b5
15.a3 a5
16.Nf3g5 b4
17.axb4 axb4
18.Ra1xa8 Qd8xa8
19.Nc3e4 Nf6xe4
20.Ng5xe4 Qa8a6
21.Kh1 f5
22.Ne4g3 Bg7d4
23.Qf2f3 Qa6a1
24.b3 Qa1c3
25.Qf3d1 Qc3a1
26.Qd1c2 Qa1c3
27.Qc2xc3 Bd4xc3
28.Ng3e2 Bc3g7
29.Bc1d2 Bg7f6
30.Ne2g1 Bd7c8
31.Rf1e1 Re8xe1
32.Bd2xe1 Bc8a6
33.Bd3c2 Nc7e8
34.Ng1f3 Kg7
35.Be1h4 Bf6xh4
36.Nf3xh4 Ne8f6
37.Kg1 Nf6h5
38.Kf2 Nh5xf4
39.Bc2xf5 gxf5
40.Nh4xf5 Kf6
41.Nf5xd6 Ke5
42.Nd6f7 Kf6
43.Nf7d6 Ke5
44.Nd6f7 Kd4
45.Nf7g5 Ba6c8
46.Ng5xh7 Kc3
47.Nh7f6 Kxb3
48.Kf3 Nf4d3
{ resign }
0-1

[Event "Tourn. n10264"]
[Site "www.echecsemail.com"]
[Date "2019.12.16"]
[Round "1"]
[White "Fantomas"]
[Black "Amaya"]
[WhiteElo "2150"]
[BlackElo "2030"]
[Result "1-0"]
[Round "1"]
1.e4 e6
2.d4 d5
3.exd5 exd5
4.Ng1f3 Ng8f6
5.Bf1e2 Bf8e7
6.O-O O-O
7.c3 Nb8c6
8.Rf1e1 Be7d6
9.h3 Nf6e4
10.Nb1d2 Bc8d7
11.Be2d3 Ne4g5
12.Nf3xg5 Qd8xg5
13.Nd2e4 Qg5e7
14.Bc1g5 f6
15.Ne4xf6 { resign }
1-0

[Event "1/64 Finale"]
[Site "www.chess-mail.com"]
[Date "2019.12.16"]
[Round "1"]
[White "Gvladutz"]
[Black "Cathar"]
[WhiteElo "2460"]
[BlackElo "2020"]
[Result "1-0"]
[Round "1"]
1.e4 e6
2.d4 d5
3.Nb1d2 Nb8c6
4.Ng1f3 Ng8f6
5.e5 Nf6d7
6.Bf1e2 Bf8e7
7.Nd2f1 O-O
8.Nf1e3 f6
9.exf6 Nd7xf6
10.O-O Be7d6
11.c4 b6
12.b3 Bc8b7
13.Bc1b2 Bd6f4
14.g3 Bf4xe3
15.fxe3 { resign }
1-0

[Event "Match"]
[Site "www.echecsemail.com"]
[Date "2019.12.17"]
[Round "1"]
[White "Jalenakravit"]
[Black "Conde7"]
[WhiteElo "2669"]
[BlackElo "2900"]
[Result "0-1"]
[Round "1"]
1.d3 e5
2.g3 d5
3.Bf1g2 Ng8f6
4.c4 c6
5.Ng1f3 Bf8d6
6.O-O O-O
7.cxd5 cxd5
8.Nb1c3 h6
9.Nc3b5 Rf8e8
10.Nb5xd6 Qd8xd6
11.d4 e4
12.Nf3e5 Qd6b6
13.b3 Nf6g4
14.h3 Ng4xe5
15.dxe5 Re8d8
16.Kh2 Nb8c6
17.f4 exf3
 { time }
0-1

[Event "Tourn. n10248"]
[Site "www.echecsemail.com"]
[Date "2019.12.17"]
[Round "1"]
[White "Ff333"]
[Black "Cathar"]
[WhiteElo "2030"]
[BlackElo "2020"]
[Result "1-0"]
[Round "1"]
1.e4 c5
2.Bf1c4 Nb8c6
3.Ng1f3 d6
4.Nf3g5 e6
5.d3 Bf8e7
6.Ng5h3 Ng8f6
7.O-O Nc6a5
8.Bc4b5 Bc8d7
9.a4 a6
10.Bb5xd7 Qd8xd7
11.Nb1c3 Na5c6
12.Qd1f3 Nc6d4
13.Qf3d1 O-O
14.Nc3e2 Ra8c8
15.c3 Nd4xe2
16.Qd1xe2 b5
17.b3 { resign }
1-0

[Event "Match"]
[Site "www.echecsemail.com"]
[Date "2019.12.17"]
[Round "1"]
[White "Apdash"]
[Black "Dussek"]
[WhiteElo "2260"]
[BlackElo "1870"]
[Result "1-0"]
[Round "1"]
1.d4 Ng8f6
2.c4 g6
3.Nb1c3 Bf8g7
4.e4 d6
5.f3 O-O
6.Bc1e3 Nb8d7
7.Ng1e2 c5
8.dxc5 Nd7xc5
9.Qd1c2 Bc8e6
10.Ne2f4 Be6d7
11.O-O-O Qd8a5
12.Kb1 Nc5a4
13.Nc3xa4 Bd7xa4
14.b3 Ba4d7
15.Be3d2 Qa5b6
16.Bd2c3 Ra8c8
17.Qc2b2 Qb6e3
18.Nf4d5 Qe3h6
19.Nd5xe7 Kh8
20.Bc3xf6 Rc8e8
21.Bf6xg7 Qh6xg7
22.Qb2xg7 Kxg7
23.Ne7d5 Bd7c6
24.Nd5c7 Re8d8
25.Nc7d5 a5
26.a4 Rf8e8
27.Bf1d3 Re8e5
28.Kb2 Re5g5
29.g4 h5
30.h3 Rg5e5
31.f4 Re5e8
32.gxh5 gxh5
33.Rh1g1 Kh6
34.Rg1g5 Re8g8
35.h4 Rd8e8
36.Rd1g1 Bc6d7
37.Nd5f6 { resign }
1-0

[Event "Tourn. n10252"]
[Site "www.echecsemail.com"]
[Date "2019.12.17"]
[Round "1"]
[White "Osopanda"]
[Black "Picifarkinca"]
[WhiteElo "1630"]
[BlackElo "1800"]
[Result "1-0"]
[Round "1"]
1.d4 Ng8f6
2.c4 e5
3.dxe5 Nf6g4
4.Ng1f3 Bf8c5
5.e3 Bc5b4
6.Nb1c3 Bb4xc3
7.bxc3 Qd8e7
8.Qd1d4 Ng4h6
9.Bf1d3 Nb8c6
10.Qd4f4 { resign }
1-0

[Event "Tourn. n10229"]
[Site "www.echecsemail.com"]
[Date "2019.12.17"]
[Round "1"]
[White "Osopanda"]
[Black "Vasylpuzanov"]
[WhiteElo "1580"]
[BlackElo "1490"]
[Result "0-1"]
[Round "1"]
1.e4 e5
2.Ng1f3 Nb8c6
3.d4 exd4
4.c3 dxc3
5.Nb1xc3 Bf8c5
6.Bf1c4 d6
7.O-O Ng8f6
8.Bc1g5 h6
9.Bg5e3 Bc5xe3
10.fxe3 O-O
11.Bc4b3 Rf8e8
12.Qd1e1 a5
13.Ra1d1 a4
14.Bb3d5 Qd8e7
15.Bd5xc6 bxc6
16.Nf3d4 Bc8d7
17.Qe1h4 Nf6xe4
18.Qh4xe7 Re8xe7
19.Nc3xe4 Re7xe4
20.Rd1d3 c5
21.Nd4f5 Bd7b5
22.Rf1d1 Bb5xd3
23.Rd1xd3 Re4b4
24.Rd3d2 Ra8b8
25.Nf5e7 Kf8
26.Ne7c6 Rb4xb2
{ resign }
0-1

[Event "1/64 Finale"]
[Site "www.chess-mail.com"]
[Date "2019.12.17"]
[Round "1"]
[White "Szustan"]
[Black "Reignblowcan"]
[WhiteElo "2590"]
[BlackElo "2610"]
[Result "1-0"]
[Round "1"]
1.e4 c5
2.c3 b6
3.d4 Bc8b7
4.Nb1d2 cxd4
5.cxd4 Ng8f6
6.Bf1d3 g6
7.Ng1e2 Bf8g7
8.O-O O-O
9.a3 a6
10.Ne2g3 d6
11.h3 Nb8d7
12.Nd2f3 e5
13.d5 a5
14.Bc1e3 Nd7c5
15.Bd3c2 Bb7a6
16.Rf1e1 Ba6b5
17.Nf3d2 a4
18.Nd2b1 Bb5d7
19.Nb1c3 b5
20.Nc3a2 Qd8e7
21.Na2b4 Rf8c8
22.Ra1c1 Qe7f8
23.Qd1f3 Ra8b8
24.Be3g5 Nf6e8
25.Bg5e3 Ne8c7
26.Qf3e2 Nc7a6
27.Nb4xa6 Nc5xa6
28.Bc2xa4 bxa4
29.Qe2xa6 Rc8d8
30.Be3g5 f6
31.Bg5d2 Rb8xb2
32.Bd2b4 Qf8e8
33.Bb4xd6 Bg7h6
34.Bd6c7 { resign }
1-0

[Event "Tourn. n10251"]
[Site "www.echecsemail.com"]
[Date "2019.12.18"]
[Round "1"]
[White "Sorim"]
[Black "Tarasch"]
[WhiteElo "2330"]
[BlackElo "2210"]
[Result "1-0"]
[Round "1"]
1.d4 Ng8f6
2.Ng1f3 g6
3.Nb1c3 Bf8g7
4.e4 d6
5.Bf1e2 O-O
6.O-O Nb8d7
7.Bc1g5 c5
8.e5 dxe5
9.dxe5 Nf6g4
10.Nc3d5 Rf8e8
11.e6 fxe6
12.Nd5f4 Nd7f6
13.h3 Ng4h6
14.Be2c4 Qd8b6
15.Qd1e2 Qb6xb2
16.Ra1b1 Qb2c3
17.Rb1b3 Qc3a5
18.Nf4xe6 Kh8
19.Ne6xg7 Kxg7
20.Bg5xf6 { resign }
1-0

[Event "Match"]
[Site "www.echecsemail.com"]
[Date "2019.12.18"]
[Round "1"]
[White "Bgm9"]
[Black "Picifarkinca"]
[WhiteElo "2010"]
[BlackElo "1570"]
[Result "0-1"]
[Round "1"]
1.d4 e6
2.e4 d5
3.e5 c5
4.c3 Nb8c6
5.Ng1f3 Qd8b6
6.Bf1e2 cxd4
7.cxd4 Bc8d7
8.O-O Ng8e7
9.Nb1c3 Ne7f5
10.Nc3a4 Qb6d8
11.Bc1e3 Nf5xe3
12.fxe3 Bf8e7
13.a3 O-O
14.Ra1c1 Ra8c8
15.b4 b6
16.Na4b2 Nc6b8
17.Qd1d2 f6
18.Nb2d3 Rc8c7
19.Rc1xc7 Qd8xc7
20.Rf1c1 Qc7b7
21.h3 Rf8c8
22.g4 Rc8xc1
23.Qd2xc1 Qb7c8
24.Qc1xc8 Bd7xc8
25.Nd3f4 Kf7
26.Kf2 g5
27.Nf4h5 h6
28.exf6 Be7xf6
29.Nh5xf6 Kxf6
30.Nf3e5 Nb8d7
31.Ne5xd7 Bc8xd7
32.b5 e5
33.a4 e4
 { time }
0-1

[Event "Tourn. n10245"]
[Site "www.echecsemail.com"]
[Date "2019.12.18"]
[Round "1"]
[White "Juantonio"]
[Black "Cal"]
[WhiteElo "1890"]
[BlackElo "1790"]
[Result "1-0"]
[Round "1"]
1.c4 e5
2.g3 d6
3.Nb1c3 Ng8f6
4.Bf1g2 Bc8f5
5.Bg2xb7 Nb8d7
6.Bb7xa8 Qd8xa8
7.f3 Nd7c5
8.d3 h6
9.e4 Bf5g6
10.Ng1e2 Bf8e7
11.b4 Nc5d7
12.Nc3d5 O-O
13.Nd5xe7 Kh7
14.Ne7xg6 fxg6
15.O-O g5
16.Bc1b2 g4
17.f4 Nf6h5
18.fxe5 Rf8f3
19.exd6 cxd6
20.Rf1xf3 gxf3
21.Ne2d4 Nd7f6
22.Qd1xf3 a6
23.g4 Qa8b7
24.a3 a5
25.b5 Qb7f7
26.gxh5 g6
27.Ra1f1 Qf7e7
28.Qf3xf6 Qe7xf6
29.Rf1xf6 g5
30.Nd4f5 Kg8
31.Rf6xd6 g4
32.b6 { resign }
1-0